| 000 | 00632nmm a2200265 a 4500 | ||
|---|---|---|---|
| 003 | AR-BaBNM | ||
| 005 | 20251128211411.0 | ||
| 008 | 034020s1976 ||||||||||||||000 | spa|| | ||
| 020 | _a84-253-0605-1 | ||
| 040 | _cAR-BaBNM | ||
| 100 | 1 | _aEdwards, Jorge | |
| 245 | 1 | 0 | _aPersona non grata |
| 250 | _a4ยช ed. | ||
| 260 |
_aBarcelona _bEdiciones Grijalbo _c1976 |
||
| 300 | 0 | _a434 p. | |
| 650 | 4 | _aLITERATURA CHILENA | |
| 650 | 4 | _aLITERATURA CONTEMPORANEA | |
| 650 | 4 | _aPOLITICA | |
| 653 | 0 | _aNARRATIVA | |
| 653 | 0 | _aREVOLUCION CUBANA | |
| 653 | _aMEMORIAS | ||
| 655 | _aLITERATURA | ||
| 942 | _cBK | ||
| 998 | _cmartin | ||
| 999 |
_c19528 _d19528 |
||